00827nam a2200205 a 450000100100000000500170001000800410002704000250006808200130009324500580010626000910016430000270025549000130028250000340029559000270032983000200035695201110037695201170048799900170060400004687820201002053158.0180404s200u dr a 000 0 spa d aDO-SdBNPbspacBNPHU axxxbxxx00aLibro de colorear :bcolorea divertidas imágenes /. a[San Pedro de Macorís, República Dominicana] :bEditora y papelería 23,c[200-]. a28 p. :bil. ;c27 cm.1 aCorocoro aLibro para colorear, infantil aInventariado, 2018/ YL 0aCorocoro974824 0010718PDaPDbPDcCTd2018-04-04iLF1l0oxxx xxxp46878-10r2020-06-25w2020-06-25yLFPDZNo se presta 0010718PDaPDbPDcCTd2018-04-04iLF1l0oxxx xxxp46878-20r2020-06-25te. 2w2020-06-25yLFPDZNo se presta c46367d46367